| 000 | 00527nam a2200181 i 4500 | ||
|---|---|---|---|
| 001 | 44097 | ||
| 003 | ES-MaACL | ||
| 005 | 20250907063041.0 | ||
| 007 | t| | ||
| 008 | 030320s1925 cu ||||1| spa d | ||
| 100 | 1 |
_aCéspedes y de Quesada, Carlos Manuel, _d1871-1939 _937690 |
|
| 245 | 1 | 0 | _aManuel de Quesada y Loynaz. |
| 260 |
_aHabana : _b[s.n., _c1925] ( _fImp. Siglo XX) |
||
| 300 |
_a231 p. ; _c29 cm. |
||
| 600 | 1 | 4 |
_aQuesada y Loynaz, Manuel de. _9158602 |
| 852 |
_aES-MaACL _jF-715 |
||
| 999 |
_c44097 _d44097 |
||